000 00870cab a2200229 4500
001 WB3506-30
008 090401t1999 xxu||||| |||| 00| 0 eng d
035 _a(Sirsi) u91202
041 _aeng
245 _aBoundary wall
260 _c1999
350 _a0
490 _aEstates Gazette Case Summaries
_v[1999] EGCS 10
520 _a"Prudential Assurance Co Ltd v Waterloo Real Estate Inc". CA 22 January 1999. In a dispute over ownership of a boundary wall by adverse possession, W`s claim to good title under the Limitation Act 1980 was upheld. "Powell v McFarlane" applied. Appeal dismissed.
650 _aADVERSE POSSESSION
650 _aBOUNDARY WALL
650 _aLIMITATION ACT 1980
650 _aPRUDENTIAL ASSURANCE CO LTD V WATERLOO REAL ESTATE INC
690 _aHIGHWAYS RIGHTS OF WAY AND EASEMENTS-CASE LAW
942 _n0
948 _c10/02/1999
999 _c57876
_d57876